00660nam a2200193Ia 4500952015500000999001700155003000400172005001700176008004100193020001800234040000900252082001800261100002500279245005100304260004800355300000900403650001200412942004200424 00102ddc40708CUSTOMS, ETIQUETTE & FOLKLOREaMESbMEScENGd2019-02-20g545.00l0o398.22 MAC/Ap36869r2019-02-20 00:00:00w2019-02-20yBKzGR16R2 c14765d14765OSt20201021101240.0190216s9999||||xx |||||||||||||| ||und|| a9780192834799 coclc a398.22bMAC/A aMack, Robert L96002 0aArabian Nights Entertainments /cRobert L Mack bOxford University Press ,c1995.aNew York: a939p aEnglish cBK2ddch398.22iMAC/Ak398.22mMAC/A